000 00204 a2200097 4500
001 4143
100 _aH,M.S
245 _aExamples in electrical calculation
260 _a
_bH.M.S
_c
090 _c3360
_d3360
942 _aNUST-CAE
_cM
_c26225
999 _c239216
_d239216